Оцелелите от Атлантида (Запис номер 79025)
[ съкратено ]
| 000 -Лидер | |
|---|---|
| Контролно поле с фиксирана дължина | 02264nam a2200457 c 4500 |
| 003 - Код на организацията, давaща контролен номер | |
| Контролно поле | BLK |
| 005 - Дата и час на последна редакция | |
| Контролно поле | 20250614103710.0 |
| 008 - Елементи от данни с фиксирана дължина | |
| fixed length control field | 180408b bul|||||r ||||||| ||bul|| |
| 010 ## - Наследен системен номер | |
| LC control number | KNG00083497000 |
| 020 ## - Международен стандартен номер на книга ISBN | |
| Международен стандартен номер на книга ISBN | 978-954-26-0846-2 |
| 040 ## - Източник на каталожния запис | |
| Идентификатор на билиотеката - собственик на записа | BLK |
| 041 ## - Код за език | |
| Код за езика на текст/звукозапис или на отделно заглавие | Български |
| Код за езика КДБФ | Български |
| 072 #7 - Код за тематичната категория | |
| Код организация | bullib |
| Код за тематична категория | Н00 |
| Текст | Общ отдел Н |
| 080 ## - УДК | |
| Текстов определител УДК | Разпространяване на научните знания - популяризиране на науката, занимателна наука, учение за явленията научно необяснени, заблуждения и фалшификации, илюзии и др. п., секретност на научните знания |
| УДК код - определител по УДК | 001.9 |
| УДК определител | (02.062) |
| УДК - код + определител | 001.9(02.062) |
| 080 ## - УДК | |
| Текстов определител УДК | Стара и антична история |
| УДК код - определител по УДК | 931 |
| УДК определител | (02.062) |
| УДК - код + определител | 931(02.062) |
| 080 ## - УДК | |
| Текстов определител УДК | История на цивилизацията. История на културата |
| УДК код - определител по УДК | 930.85 |
| УДК определител | .001.15(02.062) |
| УДК - код + определител | 930.85.001.15(02.062) |
| 100 1# - Редна дума - Автор | |
| Автор | Джоузеф, Франк |
| Авторска отговорност | първи автор |
| R(LIN) | 371312 |
| 139 ## - Редно поле | |
| Редна дума | Джоузеф, Франк |
| Авторски знак | Джо - Д 52 |
| 245 10 - Сведения за заглавието | |
| Заглавие | Оцелелите от Атлантида |
| Подзаглавни данни | Влиянието на атлантите върху древните цивилизации |
| Редно поле (дума) | Франк Джоузеф; прев. от англ. Стамен Стойчев. |
| 257 ## - Страна на издаване | |
| Страна на създаване/издаване | България |
| 260 ## - Област на издателските данни | |
| Място на издаване, разпространение и проч. | Пловдив |
| Име на издателя, разпространителя и проч. | Хермес |
| Година на издаване | 2010 |
| Печатница | Хасково : Полиграфюг |
| 300 ## - Физическа характеристика | |
| Страници | 304 с. |
| Илюстрации и др. | с ил., 3 л. : цв. ил. |
| Размери/Мащаб | 22 см |
| 380 ## - Жанр | |
| Жанр | Общ отдел |
| 490 1# - СЕРИИ (Колекции) | |
| Име на серия | Загадки |
| 500 ## - Общи забележки | |
| Забележка | Ориг. загл. Survivors of Atlantis / Frank Joseph. - Библиогр. с. 290 - 303. |
| 650 #4 - Допълнително описание по предмет – тема | |
| Основно описание – тема или топоним | История, стара |
| 9 (RLIN) | 245372 |
| 650 #4 - Допълнително описание по предмет – тема | |
| Основно описание – тема или топоним | Атлантида |
| 9 (RLIN) | 147823 |
| 653 ## - Ключова дума – ненормативна | |
| Ключова дума | антична история |
| 653 ## - Ключова дума – ненормативна | |
| Ключова дума | древни цивилизации |
| 653 ## - Ключова дума – ненормативна | |
| Ключова дума | археологични находки |
| 653 ## - Ключова дума – ненормативна | |
| Ключова дума | Атлантида |
| 659 ## - Тематичен бюлетин | |
| Тематичен бюлетин | Н |
| 700 1# - Други автори (авторска отговорност) | |
| Лично име | Стойчев, Стамен Димов |
| Автороска отговорност (Описва отношението между автора и произведението) | прев. от англ. |
| 9 (RLIN) | 364706 |
| 852 ## - Местоположение | |
| Форматна сигнатура | Цб 253579 |
| 856 4# - Електронен адрес и достъп | |
| Електронен формат | pdf - файл |
| 856 4# - Електронен адрес и достъп | |
| Електронен формат | pdf - файл |
| 999 ## - СИСТЕМНИ КОНТРОЛНИ НОМЕРА | |
| Koha biblionumber | 79025 |
| Koha biblioitemnumber | 79025 |
| 942 ## - АРТИКУЛИ | |
| Вид на библиотечния материал | Книги |
| Скрит в OPAC | Не |
| Периодичен библиозапис | Да |
| Koha issues (borrowed), all copies | 8 |
| 944 ## - СЪЗДАВАНЕ И РЕДАКЦИЯ на ЗАПИСА | |
| Създаване/Редакция | Създаване |
| Дата на регистрацията/редакция | 09.11.2011 |
| Служител, извършил регистрацията/редакцията | 30546 |
| Статус, дата на статуса | Ренета Константинова |
| 944 ## - СЪЗДАВАНЕ И РЕДАКЦИЯ на ЗАПИСА | |
| Създаване/Редакция | Редакция |
| Дата на регистрацията/редакция | 12.06.2012 |
| 999 ## - СИСТЕМНИ КОНТРОЛНИ НОМЕРА | |
| Koha biblioitemnumber | 79025 |
| Код за отписване | Код за изгубен артикул | Код за повреда | Коз за рестрикции | Код за отдаване | Артикулен № | Име на библиотеката - собственик | Име на библиотеката, в която се намира в момента | Статус (Текущо местоположение) | Дата на вписване в системата | Местоположение - отдел | Цена в лева | Инвентарен номер | Систематично азбучна сигнатура | Баркод | Номер на екземпляра | Цена в евро | Служебна бележка | Служебен тип на артикула | Източник на класификационната схема |
|---|---|---|---|---|---|---|---|---|---|---|---|---|---|---|---|---|---|---|---|
| Не е изгубен | Не е повреден | без рестрикции | ползва се в читалня | 127824 | Регионална библиотека "Любен Каравелов" Русе | Регионална библиотека "Любен Каравелов" Русе | Хранилище | 2011-11-10 | Хранилище | 13.95 | 120000754246 | Цб 253579 | 120000754246 | 1 | 7.13 | Дост: Dp Вид: Д N: 13 Дата: 28.03.2011 | Книги | ||
| Не е изгубен | Не е повреден | заемане за дома | 803339 | Регионална библиотека "Любен Каравелов" Русе | Регионална библиотека "Любен Каравелов" Русе | Заемна - подръчен фонд | 2020-10-09 | Заемна - подръчен фонд | 13.95 | 001.9/Д 52 Ф | 120000849191 | 7.13 | Книги | Universal Decimal Classification |